Česká ekonomika a výzva Lisabonské strategie

Integrácia českej ekonomiky do svetovej ekonomiky po roku 1990 a vytvorenie predpokladov resp. bariér na ceste k znalostnej ekonomike. Porovnanie vybraných údajov charakterizujúcich dosiahnutú mieru transformácie k znalostnej ekonomike v českej ekonomike. Česká a fínska ekonomika a výzva ekonomiky...

ver descrição completa

Na minha lista:
Detalhes bibliográficos
Autor principal: Sojka, Milan
Formato: Capítulo de Livro
Idioma:tcheco
Assuntos:
Tags: Adicionar Tag
Sem tags, seja o primeiro a adicionar uma tag!

MARC

LEADER 00000naa$a2200000$$$4500
001 0057471
005 20231102111159.8
041 0 |a cze 
044 |a SK 
245 1 0 |a Česká ekonomika a výzva Lisabonské strategie  |c Milan Sojka 
520 |a Integrácia českej ekonomiky do svetovej ekonomiky po roku 1990 a vytvorenie predpokladov resp. bariér na ceste k znalostnej ekonomike. Porovnanie vybraných údajov charakterizujúcich dosiahnutú mieru transformácie k znalostnej ekonomike v českej ekonomike. Česká a fínska ekonomika a výzva ekonomiky založenej na vedomostiach. 
610 2 0 |a spolupráca hospodárska medzinárodná 
610 2 0 |a Česko 
610 2 0 |a Fínsko 
610 2 0 |a Európska únia 
610 2 0 |a ekonomika vedomostná 
610 2 0 |a integrácia ekonomická medzinárodná 
610 2 0 |a transformácia 
100 1 |a Sojka, Milan